Elektronické zdravotníctvo - zavedenie čipovej karty
Ciele projektu eHealth. eHealth na Slovensku. Hlavné komponenty eHealth. Financovanie projektov z oblasti eHealth. Čipová karta v zdravotníctve. Systém zavedenia čipovej karty. Čo by priniesla aplikácia projektu čipovej karty pre slovenské zdravotníctvo. Výhody a nevýhody. Koordinácia informatizácie...
Guardado en:
| Autor principal: | |
|---|---|
| Formato: | Capítulo de libro |
| Lenguaje: | eslovaco |
| Materias: | |
| Etiquetas: |
Sin Etiquetas, Sea el primero en etiquetar este registro!
|
MARC
| LEADER | 00000naa$a2200000$$$4500 | ||
|---|---|---|---|
| 001 | 0106162 | ||
| 005 | 20231120114039.5 | ||
| 041 | 0 | |a slo | |
| 044 | |a SK | ||
| 245 | 1 | 0 | |a Elektronické zdravotníctvo - zavedenie čipovej karty |c Dagmar Hrašková |
| 520 | |a Ciele projektu eHealth. eHealth na Slovensku. Hlavné komponenty eHealth. Financovanie projektov z oblasti eHealth. Čipová karta v zdravotníctve. Systém zavedenia čipovej karty. Čo by priniesla aplikácia projektu čipovej karty pre slovenské zdravotníctvo. Výhody a nevýhody. Koordinácia informatizácie v zdravotníctve SR. | ||
| 610 | 2 | 0 | |a zdravotníctvo |
| 610 | 2 | 0 | |a elektronizácia |
| 610 | 2 | 0 | |a karty čipové |
| 610 | 2 | 0 | |a projekty |
| 610 | 2 | 0 | |a informatizácia |
| 610 | 2 | 0 | |a Slovensko |
| 100 | 1 | |a Hrašková, Dagmar | |